Geography Quiz

Random Geography or State Quiz
Score 0/50 Timer 08:00
0 Plays Today
Anagram Un-jumbled State % Correct
wen coximenew mexico
98.3%
kuctenkykentucky
98.3%
ronth lonairacnorth carolina
98.3%
thuso tokadasouth dakota
98.3%
simsipsipismississippi
98.3%
einammaine
97.7%
aaablamalabama
97.7%
stew nigaviriwest virginia
97.7%
wen rokynew york
97.7%
stouh linocarasouth carolina
97.7%
nadianiindiana
97.7%
iwaoiowa
97.7%
salaakalaska
97.1%
cinsonwiswisconsin
97.1%
xatestexas
97.1%
darifloflorida
97.1%
gargioegeorgia
97.1%
nigavirivirginia
97.1%
hatuutah
97.1%
thron takodanorth dakota
97.1%
ewn sejreynew jersey
97.1%
soursimimissouri
97.1%
liuoiasanlouisiana
97.1%
ninemtoasminnesota
97.1%
hoder lindsarhode island
97.1%
Anagram Un-jumbled State % Correct
oohiohio
97.1%
kasansraarkansas
96.6%
nwe spirehamhnew hampshire
96.6%
chingamimichigan
96.6%
ginwomywyoming
96.6%
sankaskansas
96.6%
iwiahahawaii
96%
halkoomaoklahoma
96%
zinaoraarizona
96%
stenseenetennessee
96%
geoornoregon
95.4%
assamettscuhmassachusetts
95.4%
hoadiidaho
95.4%
lisinoliillinois
95.4%
vadeannevada
94.9%
froinaiclacalifornia
94.9%
swahginnotwashington
94.9%
tanmnoamontana
94.3%
nettnoccicuconnecticut
94.3%
dooraloccolorado
94.3%
nenplyvainaspennsylvania
94.3%
danramylmaryland
94.3%
tonmevrvermont
94.3%
wardealedelaware
93.1%
skaarbennebraska
92.6%
Remove Ads.
Support Sporcle.
Get the best of Sporcle when you Go Orange. This ad-free experience offers more features, more stats, and more fun while also helping to support Sporcle. Thank you for becoming a member.

You're not logged in!

Compare scores with friends on all Sporcle quizzes.
OR
Log In

Show Comments

Extras

Top Quizzes Today


Score Distribution

Your Account Isn't Verified!

In order to create a playlist on Sporcle, you need to verify the email address you used during registration. Go to your Sporcle Settings to finish the process.

Report this User

Report this user for behavior that violates our Community Guidelines.

Details: